000 00884nam a2200289Ia 4500
003 GCL
008 140319s9999 xx 000 0 ara d
040 _aGCL /
_cGCL
082 0 4 _a338.9
_bج ا
100 1 _aطه عبدالله منصور (مترجم)
245 1 0 _aاقتصاديات التنمية /
_cطه عبدالله منصور (مترجم)
700 1 _aجبلز، مالكولم
700 1 _aرومر، مايكل
700 1 _aعبدالعظيم مصطفى
300 _a909 ص
490 _a
650 0 4 _aالاقتصاد
650 0 4 _aالتخطيط الاقتصادى
650 0 4 _aالسياسة المالية
650 0 4 _aالتجارة
650 0 4 _aالزراعة
650 0 4 _aالتنمية الاقتصادية
650 0 4 _aالسكان
650 0 4 _aالصناعة
650 0 4 _aالموارد الاقتصادية
942 _2ddc
_cBK
999 _c45132
_d45132